Loading...

Insect physiology /

Bibliographic Details
Main Author: Wigglesworth, V. B.
Format: Printed Book
Language:English
Published: Chapman, 1974.
Edition:7th ed.
LEADER 00464nam a2200145Ia 4500
008 150624b xxu||||| |||| 00| 0 eng d
082 |a 571.157 
100 |a Wigglesworth, V. B. 
245 |a Insect physiology /  |c V. B. Wigglesworth 
250 |a 7th ed. 
260 |b Chapman,  |c 1974. 
300 |a 166 p. 
942 |c TXT 
999 |c 18808  |d 18808 
952 |0 0  |1 0  |4 0  |6 571_157000000000000_WIG_I  |7 0  |9 18807  |a UL  |b UL  |c Ref2  |d 1998-09-01  |l 0  |o 571.157 WIG/I  |p 28464  |r 2012-10-27  |w 2012-10-27  |y TXT